| 000 | 02394nam1a2200373 i 4500 | ||
|---|---|---|---|
| 001 | RU\NLR\BIBL_A\012375568 | ||
| 005 | 20260407083747.0 | ||
| 010 |
_a9785820917523 _9500 |
||
| 035 | _a(NLR Aleph) 012375568 | ||
| 090 |
_a11596752 _c11596752 |
||
| 100 | _a20201012d2020 k y0rusy50 ca | ||
| 101 | 0 | _arus | |
| 102 | _aRU | ||
| 105 | _a||||z|||1|||| | ||
| 181 | 0 |
_ai _baxxe |
|
| 182 | 0 | _an | |
| 200 | 1 |
_aФилология в контексте коммуникации и современной культуры _eматериалы Международного филологического конгресса, Краснодар, 19-22 мая 2020 г. _e[в двух томах] _fМинистерство науки и высшего образования Российской Федерации, Кубанский государственный университет _g[редколлегия: д-р филол. наук, доцент А.В. Зиньковская, Рафаэль Химинес Катано, профессор (Италия), Иванка Мавродиева, профессор, доктор наук, доктор философии (Болгария) и др.] |
|
| 203 |
_aТекст _bвизуальный _cнепосредственный |
||
| 210 |
_aКраснодар _cИздательско-полиграфический центр Кубанского государственного университета _d2020 |
||
| 215 | _d21 | ||
| 300 | _aНа тит. л.: К столетию Кубан. гос. ун-та | ||
| 606 | 1 |
_aФилология _jСъезды, совещания и т.п _9921663 _3RU\NLR\AUTH\6619068 |
|
| 686 | 1 | _aШ.я431 | |
| 702 | 1 |
_aЗиньковская _bА. В. _gАнастасия Владимировна _4340 |
|
| 702 | 1 |
_aКатано _bР. Х. _gРафаэль Химинес _4340 |
|
| 702 | 1 |
_aМавродиева _bИ. _gИванка _4340 |
|
| 711 | 1 | 2 |
_aМеждународный филологический конгресс _eКраснодар _f2020 _9719508 _3RU\NLR\AUTH\880528873 |
| 712 | 0 | 2 |
_4475 _aКубанский государственный университет _cКраснодар _3RU\NLR\AUTH\8810948 _9294538 |
| 852 |
_aNLR _j2020-3/15059 |
||
| 942 | _cBOOK | ||